[Event "Sao Sebastiao do Paraiso op"]
[Site "Sao Sebastiao do Paraiso"]
[Date "2016.10.22"]
[Round "2"]
[White "Vieira, Jose Luiz"]
[Black "Da Silva, Igor Henrique"]
[Result "1/2-1/2"]
[WhiteElo "1560"]
[BlackElo "1800"]
[PlyCount "125"]
[EventDate "2016.10.21"]
[EventType "swiss"]
[EventRounds "5"]
[EventCountry "BRA"]
[SourceTitle "CBM 175 Extra"]
[Source "ChessBase"]
[SourceDate "2016.12.12"]
[SourceVersion "1"]
[SourceVersionDate "2016.12.12"]
[SourceQuality "1"]

1. e4 c5 2. Nf3 d6 3. d4 cxd4 4. c3 Nc6 5. cxd4 Nf6 6. d5 Nb8 7. Nc3 Bg4 8. Be2 Nbd7 9. 0-0 g6 10. Be3 Bg7 11. Qd2 a6 12. Rac1 0-0 13. Bh6 Rc8 14. Bxg7 Kxg7 15. h3 Bxf3 16. Bxf3 Ne5 17. Be2 Qb6 18. Na4 Qa7 19. Nc3 Rc7 20. Kh1 Rfc8 21. f4 Nc4 22. Bxc4 Rxc4 23. Rfe1 Qc5 24. Qe3 Qxe3 25. Rxe3 Nxe4 26. Rce1 Nxc3 27. bxc3 Rxf4 28. Rxe7 Rxc3 29. Rxb7 Rd3 30. Rb6 Rxd5 31. Rxa6 Rff5 32. a4 Ra5 33. Rxd6 Rxa4 34. Red1 Raf4 35. Kg1 Rg5 36. R1d2 Rh4 37. Kh2 Re4 38. R6d3 Rge5 39. Kg3 Re3+ 40. Rxe3 Rxe3+ 41. Kf4 Re6 42. g4 Rf6+ 43. Kg3 g5 44. h4 gxh4+ 45. Kxh4 Kg6 46. Rd5 h6 47. Rd4 Rf1 48. Rd6+ f6 49. Rd5 Rh1+ 50. Kg3 h5 51. gxh5+ Rxh5 52. Rd6 Re5 53. Kf4 Rf5+ 54. Kg4 Rf1 55. Rc6 Kf7 56. Ra6 Ke7 57. Rb6 Rd1 58. Kf5 Rf1+ 59. Ke4 Kf7 60. Rb5 Kg6 61. Rb6 Kg5 62. Rb8 Rf4+ 63. Ke3 1/2-1/2

[Event "Sao Sebastiao do Paraiso Ferias CXSSP I"]
[Site "Sao Sebastiao do Paraiso"]
[Date "2016.07.24"]
[Round "5.16"]
[White "Guelere, Lucio Henrique Thom"]
[Black "Da Silva, Igor Henrique"]
[Result "0-1"]
[WhiteElo "1800"]
[BlackElo "1800"]
[PlyCount "65"]
[EventDate "2016.07.22"]
[EventType "swiss"]
[EventRounds "6"]
[EventCountry "BRA"]
[SourceTitle "EXT 2022"]
[Source "ChessBase"]
[SourceDate "2021.10.06"]
[SourceVersion "1"]
[SourceVersionDate "2021.10.06"]
[SourceQuality "1"]

1. e4 c5 2. Nf3 d6 3. d4 cxd4 4. Nxd4 Nf6 5. Nc3 g6 6. f3 Bg7 7. Be3 0-0 8. Qd2 Re8 9. 0-0-0 Nc6 10. Bb5 Bd7 11. Bh6 Bh8 12. g4 a6 13. Be2 Qc7 14. Qe3 b5 15. h4 Bg7 16. h5 Bxh6 17. Qxh6 Kh8 18. f4 Bxg4 19. Rhg1 Bxe2 20. Ncxe2 Rg8 21. f5 gxh5 22. Ng3 Nxd4 23. Rxd4 Qd8 24. Rdd1 Qf8 25. Qf4 Rg4 26. Qe3 h4 27. Nh1 Rxg1 28. Rxg1 Ng8 29. Qd4+ Nf6 30. e5 dxe5 31. Qxe5 Qb8 32. Qxe7 Qe8 33. Qxf6# 0-1